Capital City of a Country - Statistics

General Stats
  • This quiz has been taken 63 times
    44 since last reset
  • The average score is 20 of 30
Answer Stats
Hint Answer % Correct
United Kingdom London
100%
Russia Moscow
97%
France Paris
97%
Japan Tokyo
97%
Italy Rome
95%
China Beijing
92%
Spain Madrid
92%
Germany Berlin
89%
Thailand Bangkok
82%
Indonesia Jakarta
82%
Colombia Bogota
71%
Iraq Baghdad
68%
South Africa Pretoria / Bloemfontein / Cape Town
68%
New Zealand Wellington
68%
Hungary Budapest
66%
Ecuador Quito
66%
Mongolia Ulaan Baatar
66%
Jordan Amman
61%
Bolivia La Paz / Sucre
61%
Saudi Arabia Riyadh
61%
Libya Tripoli
61%
Estonia Tallinn
58%
Albania Tirana
55%
Macedonia Skopje
47%
Azerbaijan Baku
45%
Brunei Darussalam Bandar Seri Begawan
42%
Bhutan Thimphu
39%
Chad N'Djamena
37%
Tonga Nuku'alofa
29%
Mauritania Nouakchott
24%
No matching quizzes found
Score Distribution
Percent of People with Each Score
Percentile by Number Answered
Your Score History
You have not taken this quiz since the last reset